Géographie urbaine (notice n° 1643445)

détails MARC
000 -LEADER
fixed length control field 01349cam a2200133 4500500
005 - DATE AND TIME OF LATEST TRANSACTION
control field 20260208000018.0
041 ## - LANGUAGE CODE
Language code of text/sound track or separate title fre
042 ## - AUTHENTICATION CODE
Authentication code dc
100 10 - MAIN ENTRY--PERSONAL NAME
Personal name Nédélec, Pascale
Relator term author
245 00 - TITLE STATEMENT
Title Géographie urbaine
260 ## - PUBLICATION, DISTRIBUTION, ETC.
Name of publisher, distributor, etc. Armand Colin,<br/>
Date of publication, distribution, etc. 2025.<br/>
520 ## - SUMMARY, ETC.
Summary, etc. L’urbanisation de la planète se généralise, et les prévisions annoncent près de 70  % de citadins dans le monde à l’horizon 2050. Cet ouvrage analyse ce processus d’une ampleur inégalée, ses dynamiques et ses conséquences spatiales et sociales, et examine le rôle des villes et de leurs habitants dans les évolutions contemporaines des sociétés. Il s’organise en trois temps forts : •INTRODUCTION : questions essentielles, objectifs de connaissances par chapitre, lectures indispensables et notions clés à maîtriser. •COURS : savoirs fondamentaux assortis d’exemples localisés, de définitions et de focus thématiques, d’une page d’entraînement et d’une étude de cas mobilisant des documents géographiques. •MÉTHODES : méthodologie détaillée de chaque type d’exercice, avec son application commentée. Tous les corrigés et les compléments numériques sont disponibles dans la rubrique "ressources numériques".
856 41 - ELECTRONIC LOCATION AND ACCESS
Uniform Resource Identifier <a href="https://shs.cairn.info/geographie-urbaine--9782200639365?lang=fr&redirect-ssocas=7080">https://shs.cairn.info/geographie-urbaine--9782200639365?lang=fr&redirect-ssocas=7080</a>

Pas d'exemplaire disponible.

PLUDOC

PLUDOC est la plateforme unique et centralisée de gestion des bibliothèques physiques et numériques de Guinée administré par le CEDUST. Elle est la plus grande base de données de ressources documentaires pour les Étudiants, Enseignants chercheurs et Chercheurs de Guinée.

Adresse

627 919 101/664 919 101

25 boulevard du commerce
Kaloum, Conakry, Guinée

Réseaux sociaux

Powered by Netsen Group @ 2025